| 000 | 01084nmm a2200325 a 4500 | ||
|---|---|---|---|
| 001 | ocm0001917363 | ||
| 003 | TR-IsHL | ||
| 005 | 20201028173112.0 | ||
| 008 | 180914s2017 tu tur | ||
| 007 | cr cn | ||
| 020 | _a9786052015728 | ||
| 035 |
_a1917363 _b(N$T) |
||
| 050 | 0 | 4 |
_aHD30.3 _b.A95 2017 |
| 090 | 0 | 4 |
_aHD30.3 _b.A95 2017 |
| 100 | 1 | _aAziz, Aysel | |
| 245 | 1 | 0 |
_aÖrgütsel iletişim _h[electronic resource] / _cAysel Aziz ; Ülkü Dicle |
| 250 | _a1. bsk. | ||
| 260 |
_aİstanbul : _bHiperlink Yayınları, _c2017 |
||
| 300 | _a225 p. | ||
| 500 |
_aKaynakça ve dizin var _x |
||
| 650 | 4 | _aMedya ve İletişim | |
| 650 | 4 | _aCommunication & Media | |
| 650 | 0 | _aİletişim, Örgütlerde | |
| 650 | 0 | _aCommunication in organizations | |
| 650 | 0 |
_aŞirketler _x İletişim sistemleri |
|
| 650 | 0 |
_aCorporations _x Communication systems |
|
| 650 | 7 |
_aBUSINESS & ECONOMICS / Business Communication / General _2bisacsh |
|
| 700 | 1 | _aDicle, Ülkü | |
| 856 | 4 | 0 | _uhttp://search.ebscohost.com/login.aspx?direct=true&scope=site&db=e011xww&AN=1917363 |
| 999 |
_c17532 _d17532 |
||